00353nam a2200109 i 4500001000300000245006800003260001700071040000800088041000800096008004100104856009800145bg 0aTeorija verojatnostej i matematiceskaja statistika :bWypusk 6. aKiew,c1972. cBPK apol s pl f |000 0 pol  uhttp://koha.tu.koszalin.pl/cgi-bin/koha/opac-detail.pl?biblionumber=14503yKatalog online BPK